00270nam a2200109Ia 4500003000400000008004100004100002400045245002200069260004300091300000800134650001800142OSt191201s2017 xx 000 0 und d aSHARMA, Puran Chand 0aShavarnim Haryana aN. DelhibHaryana Granth Academyc2017 a213 aGeneral Books